| 000 | 00651nam a22002177a 4500 | ||
|---|---|---|---|
| 005 | 20241028113442.0 | ||
| 008 | 241028b |||||||| |||| 00| 0 eng d | ||
| 020 |
_a9789332573819 _cRs.629.00 |
||
| 040 | _aLoreto College | ||
| 041 | _aEnglish | ||
| 082 |
_a150.287 _bGRE |
||
| 100 | _aGregory,Robert J. | ||
| 245 |
_aPsychological testing _bHistory,principles and application _cRobert J.Gregory |
||
| 250 | _a7th ed | ||
| 260 |
_aNoida _bPearson India Education _c2023 |
||
| 300 |
_axxi,602p _b22cm |
||
| 504 | _aIncludes bibliographical references and index | ||
| 650 | _aPsychological tests | ||
| 850 |
_aLCLIB _bPsychology PG |
||
| 942 | _cBK | ||
| 999 |
_c43875 _d94354 |
||